| 000 | 00342nam a22001577a 4500 | ||
|---|---|---|---|
| 020 | _a81-7604-967-0 | ||
| 082 |
_a823 _bBHA/E |
||
| 100 | _aBHARAT | ||
| 245 |
_aEKLAVYA _bSHORT STORY |
||
| 246 |
_aEKLAVYA _bSHORT STORY |
||
| 260 |
_aDELHI _bRAJA POCKET BOOKS |
||
| 300 | _a48 | ||
| 520 | _aSHORT STORY | ||
| 650 | _aSHORT STORY | ||
| 942 | _cBK | ||
| 999 |
_c2445 _d2445 |
||